Deutschland im Spiegel der Briefmarke (Record no. 3323)

000 -LEADER
fixed length control field 00293nam a22000977a 4500
008 - FIXED-LENGTH DATA ELEMENTS--GENERAL INFORMATION
fixed length control field 220214b ||||| |||| 00| 0 eng d
100 ## - MAIN ENTRY--AUTHOR'S NAME
Author's Name Deutsche Post
245 ## - TITLE STATEMENT
Title Deutschland im Spiegel der Briefmarke
260 ## - PUBLICATION, DISTRIBUTION, ETC. (IMPRINT)
Place of publication, distribution, etc. Bonn, Germany
Name of publisher, distributor, etc. Deutsche Post AG
Date of publication, distribution, etc. 2002
650 ## - TOPICAL TERM (Tag)
Topical term or geographic name Germany| Stamps 2002| new issues
Holdings
Withdrawn status Lost status Source of classification or shelving scheme Damaged status Koha normalized classification for sorting Not for loan Permanent Location Current Location Shelving location Date acquired Total Checkouts Full call number Barcode Date last seen Price effective from Koha item type
        G6081 S784 D486   Northern Philatelic Library Northern Philatelic Library General Stacks 02/14/2022   G6081 S784 D486 1005783 02/14/2022 02/14/2022 Books

Powered by Koha